000 00402nam a2200169Ia 4500
008 230524s9999 xx 000 0 und d
020 _a9812530517
082 _a660.6092
_bWEB
100 _aJohn.G.Webster
245 0 _aBioinstrumentation
250 _a1ST
260 _aSINGAPORE
_bJohn Wiley
_c2003
300 _aXIV;376
500 _aQuantity Number: 64
650 _aBiomedical
942 _cBK
999 _c31193
_d31193